000 00978nas a2200313 4500
001 BR2014003973
003 BR-BrBNA
005 20231205124203.0
007 ta
008 230509b bl.|||p| |||| 00| 00por d
040 _aBR-BrBNA
_bpor
_cBiblioteca Nacional de Agricultura
041 _a(Pt)
072 _aL51
100 1 _aMaia, G.V.C.
100 1 _aSaad, F.M. de O.B.
100 1 _aRoque, N.C.
100 1 _aFrança, J.
100 1 _aLima, L.M.S.
100 1 _aAquino, A.A.
245 1 _aZeólitas e Yucca schidiger em rações para cães: palatabilidade, digestibilidade e redução de odores fecais
650 _aCÃO
650 _aRAÇÃO
650 _aDIGESTIBILIDADE
650 _aADITIVO
773 0 _tRevista Brasileira de Zootecnia (Brazil)
_xISSN 1806-9290
_g(Nov 2010), v. 39(11) p. 2442-2446
_wBR2014003973
856 4 0 _uhttp://www.scielo.br/pdf/rbz/v39n11/v39n11a17.pdf
909 _a202311
_bLúcia
_c55
_dLúcia Elande
942 _2AGRIS
_n0
_cANA
999 _c237748
_d237748